DSMP QUIZ - Statistics

General Stats
  • This quiz has been taken 443 times
  • The average score is 18 of 22
Answer Stats
QUOTE ANSWERS % Correct
"... NEVER DIES..." Techno
98%
"...History will FORGET that a country even existed in this area!..." Techno
98%
"...I'VE A PICKAXE AND I'LL PUT IT THROUGH YOU TEETH!..." Techno
98%
"...Are we the bad guys?..." Wilbur
98%
"...MY LMANBURG, MY UNFINISHED SYMPHONY,FOREVER UNFINISHED!..." Wilbur
98%
"...listen, you F###ED UP this time..." Dream
97%
"...I've lost ALL CARE for ANYTHING on this server!..." Dream
97%
"...then why does ANY of this matter AT ALL..." Tommy
96%
"...I mean this in the nicest way possible,YOU F###ED UP..." Tommy
96%
"...It's me and you vs Dream..." Tommy
96%
"...YOU F###ING STUPID MANUPILATING F###ING GREEN BASTARD!..." Tommy
96%
"...please detain and escort him out of the country..." Tubbo
95%
"...For Tommy to be exiled, from L'manburg..." Tubbo
95%
"...THE DISC DON'T MATTER, TOMMY..." Tubbo
95%
"...Say you hate me..." George
84%
"...Down with the revolution boys,It was never meant to be..." Eret
83%
"...If I can't make them smile... I'll make them cry..." Fundy
81%
"...You should've paid me more Dream..." Punz
74%
"...Marburg? Pogtopia? WHO CARES?..." Bad
61%
"...I DONT EVEN WANT TO BE HERE!..." Niki
54%
"...Do you know what happens to traitors?..." Shlatt
25%
"...This place will be a lot different tomorrow..." Shlatt
25%
No matching quizzes found
Score Distribution
Percent of People with Each Score
Percentile by Number Answered
Your Score History
You have not taken this quiz